| 000 | 01473cam a2200433 a 4500 | ||
|---|---|---|---|
| 001 | 15511920 | ||
| 003 | OSt | ||
| 005 | 20140310182740.0 | ||
| 008 | 081105s2009 ohua b 001 0 eng d | ||
| 010 | _a 2008941113 | ||
| 015 |
_aGBA928522 _2bnb |
||
| 016 | 7 |
_a014932705 _2Uk |
|
| 020 | _a9780324597714 | ||
| 020 | _a0324597711 | ||
| 020 | _a9780324597707 (student ed.) | ||
| 020 | _a0324597703 student ed.) | ||
| 020 | _a9780324235968 (Thomson One access code) | ||
| 020 | _a0324235968 (Thomson One access code) | ||
| 020 | _a9789814352598 | ||
| 035 | _a(OCoLC)ocn316431307 | ||
| 040 |
_aUKM _cUKM _dYDXCP _dUVU _dCUY _dTOH _dSINLB _dDLC |
||
| 042 | _alccopycat | ||
| 050 | 0 | 0 |
_aHG 4026 _b.B855 2011 |
| 100 | 1 |
_aBrigham, Eugene F., _d1930- |
|
| 245 | 1 | 0 |
_aFundamentals of financial management / _cEugene F. Brigham, Joel F. Houston. |
| 250 | _a12th ed. | ||
| 260 |
_aMason, OH : _bSouth-Western Cengage Learning, _c2011. |
||
| 300 |
_axxiii, 736, [47] p. : _bcol. ill. ; _c29 cm. |
||
| 521 | _aBSA | ||
| 650 | 0 |
_aCorporations _xFinance. |
|
| 650 | 0 |
_aCorporations _xFinance _vProblems, exercises, etc. |
|
| 650 | 0 |
_aBusiness enterprises _zUnited States _xFinance. |
|
| 650 | 0 |
_aBusiness enterprises _zUnited States _xFinance _vProblems, exercises, etc. |
|
| 700 | 1 | _aHouston, Joel F. | |
| 906 |
_a7 _bcbc _ccopycat _d3 _encip _f20 _gy-gencatlg |
||
| 942 |
_2lcc _cBK _kFOR |
||
| 999 |
_c15547 _d15547 |
||